Countries that visit Belgium the most? - Statistics

General Stats
  • This quiz has been taken 63 times
  • The average score is 11 of 12
Answer Stats
Hint Answer % Correct
1.425.743 France
97%
1.118.170 Germany
97%
2.133.255 Netherlands
97%
400.814 Spain
97%
903.789 United Kingdom
97%
301.841 Italy
91%
451.537 United States
91%
124.921 Luxembourg
86%
194.583 China
84%
115.636 Russia
78%
121.829 Switzerland
74%
108.216 Poland
72%
No matching quizzes found
Score Distribution
Percent of People with Each Score
Percentile by Number Answered
Your Score History
You have not taken this quiz